000 01237cam a22002891i 4500
003 SA-RiAUC
005 20241229134833.0
008 241228s1995 su f b 000k0 ara c
040 _aSA-RiAUC
_bara
_cSA-RiAUC
_erda
050 4 _b.H68 1995
082 0 4 _a810.9
_qSA-RiAUC
090 _a810.9
_b ح و ط
100 1 _aالحوطي، غادة بنت عبد العزيز بن محمد
_eمؤلف.
245 1 2 _aالتوازن معيار جمالي :
_bتنظير وتطبيق على الآداب الاجتماعية في البيان النبوي /
_cغادة بنت عبد العزيز بن محمد الحوطي.
250 _aالطبعة الأولى.
264 1 _aجدة، السعودية :
_bعبد المقصود محمد سعيد خوجة،
_c1995
300 _a383 صفحة ؛
_c24 سم.
336 _aنص
_btxt
_2rdacontent
_3كتاب
337 _aبدون وسيط
_bn
_2rdamedia
338 _aمجلد
_bnc
_2rdacarrier
490 0 _aكتاب الإثنينية ؛
_v4
504 _aببليوجرافية : صفحة 375-380.
650 7 _aالجماليات (أدب عربي)
_2aucsh
650 7 _aالحديث
_xبلاغة
_2aucsh
942 _2ddc
_cBOOK
_n0
949 _aSA-JeALM
_d241228
_umohamedma123
_n1
999 _c4056
_d4056